000 01405nam0a2200337 4500
001 RU\NLR\bibl\932382
005 20250614192852.0
010 _a5-8459-0957-0
_93000
021 _aRU
_b2006-11315
_9551
035 _a(NLR Aleph) 000920594
090 _a97354
_c97354
100 _a20060414d2006 |||y0rusy50 ca
101 0 _arus
102 _aRU
_aUA
105 _aa |||||||||
200 1 _aЗнакомьтесь: Java
_e[самоучитель N 1 по языкам Java 2 и Java Script]
_fЕ.Е. Аккуратов
210 _aМосква [и др.]
_cВильямс
_d2006
215 _a247 с.
_cил.
_d24
225 1 _aСамоучитель
225 1 _aПодробно, доступно, эффективно!
320 _aБиблиогр.: с. 243 (11 назв.)
320 _aПредм. указ.: с. 244-247
606 1 _aJAVA 2.0, язык программирования
_jУчебные издания для самообразования
_92178102
_3RU\NLR\auth\661309962
606 1 _aJAVA SCRIPT, язык программирования
_jУчебники для самообразования
_92070978
_3RU\NLR\auth\661245721
686 _aЗ988.02-018.1я78-1
700 1 _aАккуратов
_bЕ. Е.
_gЕвгений Евгеньевич
_4070
801 0 _aRU
_bNLR
_c20060414
_grcr
801 1 _aRU
_bNLR
_c20060414
942 _cBOOK
980 _aNB